000 00281nam a2200109Ia 4500
008 190914s9999||||xx |||||||||||||| ||und||
100 _aDr. Asrar H. Siddiqi
245 0 _aPractice And Law of Banking In Pakistan
260 _aKarachi
_bRoyal Book
_c273
300 _a2004
942 _cBK
999 _c9824
_d9824